000 00562nam a2200205Ia 4500
003 OSt
005 20230619094340.0
008 210423s1993 xx 000 0 und d
040 _cAL
041 _aeng
082 _a361
_223
_bCHOH
100 _aCHOWDHRY (D Paul)
_9101565
245 _aHandbook of social welfare
260 _aNew Delhi
_bAtma ram and sons
_c1993
365 _b300
_cINR
650 _aSocial Problems & Services
_9101566
650 _aSocial Problems & Social Welfare
_9101567
906 _aHandbook ; social ; welfare
942 _2ddc
_cBK
999 _c171684
_d171684